| 000 | 01513cam a22002891i 4500 | ||
|---|---|---|---|
| 003 | SA-RiAUC | ||
| 005 | 20250705115244.0 | ||
| 008 | 250704s1997 sy g 00000bara c | ||
| 040 |
_aSA-RiAUC _bara _cSA-RiAUC _erda |
||
| 082 | 0 | 4 |
_a239 _qSA-RiAUC |
| 090 |
_a239 _bث ع ا |
||
| 100 | 1 |
_aالثعالبي، عبد العزيز بن إبراهيم بن عبد الرحمن، _d1874-1944 _eمؤلف. |
|
| 245 | 1 | 2 |
_aالرسالة المحمدية من نزول الوحي إلى وفاته صلى الله عليه وسلم / _cتأليف عبد العزيز الثعالبي ؛ تحقيق صالح الخرفي. |
| 250 | _aالطبعة الأولى. | ||
| 264 | 1 |
_aدمشق ؛ _aبيروت : _bدار ابن كثير، _c1997 |
|
| 300 |
_a765 صفحة ؛ _c24 سم. |
||
| 336 |
_aنص _btxt _2rdacontent _3كتاب |
||
| 337 |
_aبدون وسيط _bn _2rdamedia |
||
| 338 |
_aمجلد _bnc _2rdacarrier |
||
| 490 | 0 | _aمن تراث عبد العزيز الثعالبي | |
| 600 | 0 | 7 |
_aمحمد (صلى الله عليه وسلم)، _d53 قبل الهجرة-11 هجري _2aucnm |
| 650 | 7 |
_aالسيرة النبوية _2aucsh |
|
| 700 | 1 | 2 |
_iتحقيق لـ (عمل) : _aالثعالبي، عبد العزيز بن إبراهيم بن عبد الرحمن، _d1874-1944. _tالرسالة المحمدية من نزول الوحي إلى وفاته صلى الله عليه وسلم. |
| 700 | 1 |
_aخرفي، صالح، _d1932-1998 _eمحقق. |
|
| 942 |
_2ddc _cBOOK _n0 |
||
| 949 |
_aSA-JeALM _d250704 _umohamedma123 _n1 |
||
| 999 |
_c9480 _d9480 |
||